<?xml version="1.0" encoding="UTF-8"?>
<record
    xmlns:xsi="http://www.w3.org/2001/XMLSchema-instance"
    xsi:schemaLocation="http://www.loc.gov/MARC21/slim http://www.loc.gov/standards/marcxml/schema/MARC21slim.xsd"
    xmlns="http://www.loc.gov/MARC21/slim">

  <leader>00645nam a22002057a 4500</leader>
  <controlfield tag="003">OSt</controlfield>
  <controlfield tag="005">20131204154746.0</controlfield>
  <controlfield tag="008">131009b        xxu||||| |||| 00| 0 eng d</controlfield>
  <datafield tag="020" ind1=" " ind2=" ">
    <subfield code="a">84-7509-480-5</subfield>
  </datafield>
  <datafield tag="024" ind1=" " ind2=" ">
    <subfield code="2">Dip&#xF3;sit Legal</subfield>
    <subfield code="a">B-1.580/1995</subfield>
  </datafield>
  <datafield tag="040" ind1=" " ind2=" ">
    <subfield code="c">Centre de documentaci&#xF3; Montserrat Roig</subfield>
    <subfield code="b">cat</subfield>
  </datafield>
  <datafield tag="100" ind1=" " ind2=" ">
    <subfield code="9">3359</subfield>
    <subfield code="a">Mart&#xED;nez Abad&#xED;a, Jos&#xE9;</subfield>
  </datafield>
  <datafield tag="245" ind1=" " ind2=" ">
    <subfield code="a">Introducci&#xF3;n a la tecnolog&#xED;a audiovisual</subfield>
    <subfield code="b">: televisi&#xF3;n, v&#xED;deo, radio</subfield>
    <subfield code="c">Jos&#xE9; Mart&#xED;zez Abad&#xED;a</subfield>
  </datafield>
  <datafield tag="250" ind1=" " ind2=" ">
    <subfield code="b">5a ed.</subfield>
  </datafield>
  <datafield tag="260" ind1=" " ind2=" ">
    <subfield code="a">Espa&#xF1;a</subfield>
    <subfield code="c">1995</subfield>
    <subfield code="b">Paid&#xF3;s</subfield>
  </datafield>
  <datafield tag="300" ind1=" " ind2=" ">
    <subfield code="a">238 p.</subfield>
  </datafield>
  <datafield tag="490" ind1=" " ind2=" ">
    <subfield code="a">Paid&#xF3;s Comunicaci&#xF3;n</subfield>
    <subfield code="v">31</subfield>
  </datafield>
  <datafield tag="650" ind1="0" ind2="4">
    <subfield code="9">3786</subfield>
    <subfield code="a">Audiovisuals</subfield>
    <subfield code="x">T&#xE8;cnica</subfield>
  </datafield>
  <datafield tag="942" ind1=" " ind2=" ">
    <subfield code="2">udc</subfield>
    <subfield code="c">MON</subfield>
  </datafield>
  <datafield tag="999" ind1=" " ind2=" ">
    <subfield code="c">6635</subfield>
    <subfield code="d">6635</subfield>
  </datafield>
  <datafield tag="952" ind1=" " ind2=" ">
    <subfield code="0">0</subfield>
    <subfield code="1">0</subfield>
    <subfield code="4">0</subfield>
    <subfield code="7">0</subfield>
    <subfield code="a">CDMR</subfield>
    <subfield code="b">CDMR</subfield>
    <subfield code="d">2013-01-16</subfield>
    <subfield code="l">0</subfield>
    <subfield code="o">EF 3/22</subfield>
    <subfield code="p">CDMR13108193E</subfield>
    <subfield code="r">2013-10-09</subfield>
    <subfield code="w">2013-10-09</subfield>
    <subfield code="y">MON</subfield>
  </datafield>
</record>
